000 00778nam a22002657a 4500
001 7657
003 FISKH
005 20250730093451.0
008 250730b cb ||||| |||| 00| 0 eng d
020 _a9780545012270
040 _aFISKH
_beng
_cFISKH
_dFISKH
050 _aPZ7
082 _a428.1
100 _aNelson, May
245 _aNames are everywhere /
_cby May Nelson
260 _aNew York :
_bScholastic,
_c2007.
300 _a12 pages :
_bcolor illustrations ;
_c19 cm
505 _aC
520 _aFind many great new & used options and get the best deals for Names Are Everywhere.
521 8 _a40
_bLexile
521 8 _aC
_bRaz-Plus
650 _aChildren's Book
_vNon-fiction
_xCommunity
_yInformation
942 _2ddc
_cBK
_n0
999 _c7657
_d7657